000 00311nam a22001217a 4500
008 230703b xxu||||| |||| 00| 0 eng d
082 _a352.04
_bLUC
100 _cB. Keith-Lucas
245 _aThe English Local Government Franchise
_bA Short History
260 _bOxford
_c1952
300 _a258p
942 _2ddc
_cBK
999 _c3254
_d3254